[Event "IECC Swiss email"]
[Site "IECC email"]
[Date "2001.12.24"]
[Round "?"]
[White "Watson, Roger E"]
[Black "Sambrook, Timothy"]
[Result "1-0"]
[WhiteElo "1382"]
[BlackElo "1381"]
[PlyCount "85"]
[EventDate "2001.??.??"]
[EventType "tourn (corr)"]
[EventRounds "6"]
[SourceTitle "Corr 2008"]
[Source "ChessBase"]
[SourceDate "2008.06.24"]
[SourceVersion "1"]
[SourceVersionDate "2008.06.24"]
[SourceQuality "1"]

1. e4 e5 2. Nf3 Nc6 3. d4 exd4 4. Nxd4 Qh4 5. Nc3 Bb4 6. Be2 Qxe4 7. Ndb5 Qxg2 8. Bf3 Qh3 9. Nxc7+ Kd8 10. Nxa8 Ne5 11. Bd5 Nf6 12. Bg5 Re8 13. Kd2 d6 14. Rg1 Bg4 15. Rg3 Qh5 16. Bxf6+ gxf6 17. Qh1 Qh6+ 18. Re3 Qf4 19. Qg2 Bc5 20. Rae1 Bxe3+ 21. fxe3 Qg5 22. h3 Be6 23. Bxb7 Qxg2+ 24. Bxg2 Bxh3 25. Bd5 Be6 26. Bxe6 fxe6 27. Rh1 Nc4+ 28. Ke2 Re7 29. b3 Na3 30. Ne4 f5 31. Nxd6 Rd7 32. Rd1 Nxc2 33. Kf3 Nb4 34. Kf4 Nd5+ 35. Ke5 Re7 36. e4 Nc3 37. Rd3 Nxa2 38. Kf6 Rd7 39. Kxe6 Re7+ 40. Kxf5 Nc1 41. Rd5 Nxb3 42. Kf6 Rd7 43. e5 1-0

[Event "IECC CL5-2001.20"]
[Site "IECC email"]
[Date "2001.06.28"]
[Round "?"]
[White "Che, Tai"]
[Black "Sambrook, Timothy"]
[Result "1/2-1/2"]
[WhiteElo "1479"]
[BlackElo "1341"]
[PlyCount "69"]
[EventDate "2001.??.??"]
[EventType "tourn (corr)"]
[EventRounds "4"]
[SourceTitle "Corr 2008"]
[Source "ChessBase"]
[SourceDate "2008.06.24"]
[SourceVersion "1"]
[SourceVersionDate "2008.06.24"]
[SourceQuality "1"]

1. d4 d5 2. c4 e5 3. dxe5 d4 4. Nf3 Nc6 5. e3 Bb4+ 6. Bd2 dxe3 7. fxe3 Bg4 8. Be2 Bxf3 9. Bxf3 Qh4+ 10. g3 Qxc4 11. Bxc6+ Qxc6 12. 0-0 Rd8 13. Qb3 Be7 14. Qxf7+ Kd7 15. Rc1 Qb6 16. Nc3 Qg6 17. Qf3 c6 18. Ne2 Nh6 19. Ba5 Rde8 20. Nf4 Qg4 21. e6+ Kc8 22. Rxc6+ Kb8 23. Qxg4 Nxg4 24. Rc3 b6 25. Rb3 Rhf8 26. Rd1 Bc5 27. Bb4 Bxb4 28. Rxb4 Nxe3 29. Rd7 Rxe6 30. Rxg7 h6 31. Rd4 Rc6 32. Rdd7 a5 33. Rb7+ Kc8 34. Ra7 Kb8 35. Rgb7+ 1/2-1/2

[Event "IECC CL5-2000.40"]
[Site "IECC email"]
[Date "2000.12.28"]
[Round "?"]
[White "Jobe, Tom B"]
[Black "Sambrook, Timothy"]
[Result "0-1"]
[WhiteElo "1826"]
[BlackElo "1326"]
[PlyCount "66"]
[EventDate "2000.??.??"]
[EventType "tourn (corr)"]
[EventRounds "4"]
[SourceTitle "Corr 2008"]
[Source "ChessBase"]
[SourceDate "2008.06.24"]
[SourceVersion "1"]
[SourceVersionDate "2008.06.24"]
[SourceQuality "1"]

1. e4 e5 2. Nf3 Nc6 3. Bb5 a6 4. Bxc6 dxc6 5. 0-0 Bg4 6. h3 h5 7. d3 Qf6 8. Be3 Ne7 9. Nbd2 Ng6 10. hxg4 hxg4 11. Ng5 Nf4 12. Qxg4 Qxg5 13. f3 Nh3+ 14. gxh3 Qxe3+ 15. Rf2 Bc5 16. Qg3 Qxf2+ 17. Qxf2 Bxf2+ 18. Kxf2 Rxh3 19. Rg1 Rh2+ 20. Ke3 Kf8 21. c3 b5 22. d4 exd4+ 23. cxd4 Rd8 24. Rc1 Rd6 25. a4 Rg6 26. axb5 axb5 27. b4 Rgg2 28. Rc2 Ke7 29. Kd3 f6 30. Ke3 g5 31. d5 cxd5 32. Rxc7+ Kd6 33. Rc2 Rxd2 0-1

[Event "IECC CL6-2000.32"]
[Site "IECC email"]
[Date "2000.10.16"]
[Round "?"]
[White "Dimapilis, Lewie"]
[Black "Sambrook, Timothy"]
[Result "1/2-1/2"]
[WhiteElo "1162"]
[BlackElo "1357"]
[PlyCount "53"]
[EventDate "2000.??.??"]
[EventType "tourn (corr)"]
[EventRounds "4"]
[SourceTitle "Corr 2008"]
[Source "ChessBase"]
[SourceDate "2008.06.24"]
[SourceVersion "1"]
[SourceVersionDate "2008.06.24"]
[SourceQuality "1"]

1. e4 e5 2. Nf3 Nc6 3. Bc4 Nf6 4. 0-0 Nxe4 5. Qe2 d5 6. Bb5 Bg4 7. Nc3 Bxf3 8. Qxf3 Nf6 9. Re1 Qd6 10. Qf5 Nd7 11. d4 f6 12. dxe5 fxe5 13. Bf4 0-0-0 14. Bxc6 Qxc6 15. Bxe5 Kb8 16. Bd4 Bb4 17. Re6 Qc4 18. Qxd5 Qxd5 19. Nxd5 Nc5 20. Bxc5 Bxc5 21. Ne3 Rd2 22. a3 b6 23. b4 Bd4 24. Rf1 Bxe3 25. Rxe3 Rxc2 26. Rd1 Rf8 27. f3 1/2-1/2

[Event "IECC CL6-2000.32"]
[Site "IECC email"]
[Date "2000.10.16"]
[Round "?"]
[White "Tan, Jacinto"]
[Black "Sambrook, Timothy"]
[Result "0-1"]
[WhiteElo "1329"]
[BlackElo "1215"]
[PlyCount "36"]
[EventDate "2000.??.??"]
[EventType "tourn (corr)"]
[EventRounds "4"]
[SourceTitle "Corr 2008"]
[Source "ChessBase"]
[SourceDate "2008.06.24"]
[SourceVersion "1"]
[SourceVersionDate "2008.06.24"]
[SourceQuality "1"]

1. d4 d5 2. e4 dxe4 3. Nc3 Nf6 4. f3 c6 5. fxe4 e5 6. Nf3 exd4 7. Nxd4 Bb4 8. Bg5 Qa5 9. Qf3 Qxg5 10. Bd3 0-0 11. 0-0 Bc5 12. Nce2 Bg4 13. Qf2 Bxe2 14. Qxe2 Bxd4+ 15. Kh1 Nbd7 16. c3 Be5 17. Rad1 Qh6 18. h3 Nh5 0-1

[Event "IECC CL7-2000.29"]
[Site "IECC email"]
[Date "2000.05.20"]
[Round "?"]
[White "Sambrook, Timothy"]
[Black "Duncan, Warren L"]
[Result "1-0"]
[WhiteElo "1178"]
[BlackElo "980"]
[PlyCount "39"]
[EventDate "2000.??.??"]
[EventType "tourn (corr)"]
[EventRounds "4"]
[SourceTitle "Corr 2008"]
[Source "ChessBase"]
[SourceDate "2008.06.24"]
[SourceVersion "1"]
[SourceVersionDate "2008.06.24"]
[SourceQuality "1"]

1. e4 e5 2. Nf3 Nc6 3. d4 exd4 4. Bc4 h6 5. 0-0 Bc5 6. c3 dxc3 7. Bxf7+ Kxf7 8. Qd5+ Ke7 9. Qxc5+ d6 10. Qxc3 Nf6 11. Rd1 Bd7 12. Bf4 Qf8 13. Nh4 Qf7 14. e5 Nxe5 15. Bxe5 dxe5 16. Qxc7 Rhd8 17. Nc3 Kf8 18. Nf3 Qe6 19. Nxe5 Bc6 20. Rxd8+ 1-0

[Event "IECC CL7-2000.20"]
[Site "IECC email"]
[Date "2000.03.10"]
[Round "?"]
[White "Sambrook, Timothy"]
[Black "Copin, Jean Christophe"]
[Result "1-0"]
[WhiteElo "1080"]
[BlackElo "1105"]
[PlyCount "71"]
[EventDate "2000.??.??"]
[EventType "tourn (corr)"]
[EventRounds "4"]
[SourceTitle "Corr 2008"]
[Source "ChessBase"]
[SourceDate "2008.06.24"]
[SourceVersion "1"]
[SourceVersionDate "2008.06.24"]
[SourceQuality "1"]

1. e4 c5 2. c3 Nf6 3. e5 Nd5 4. d4 cxd4 5. Nf3 e6 6. cxd4 Be7 7. Nc3 Bb4 8. Bd2 Qa5 9. a3 Nxc3 10. axb4 Nxd1 11. bxa5 Nxf2 12. Kxf2 Nc6 13. b4 Ne7 14. Bd3 0-0 15. Ng5 g6 16. Ne4 Nf5 17. Nf6+ Kg7 18. Bxf5 exf5 19. Ra3 d6 20. Bh6+ Kxh6 21. Rh3+ Kg5 22. Nxh7+ Kg4 23. Nxf8 dxe5 24. dxe5 f4 25. Nh7 Be6 26. Nf6+ Kf5 27. Re1 Kg5 28. Rf3 Bg4 29. Nxg4 Kxg4 30. g3 g5 31. gxf4 gxf4 32. Re4 Rh8 33. Rexf4+ Kg5 34. h4+ Kg6 35. Rf6+ Kh5 36. Kg3 1-0

[Event "IECC CL7-2000.20"]
[Site "IECC email"]
[Date "2000.03.10"]
[Round "?"]
[White "Van Niekerk, Jan"]
[Black "Sambrook, Timothy"]
[Result "0-1"]
[WhiteElo "1000"]
[BlackElo "1129"]
[PlyCount "59"]
[EventDate "2000.??.??"]
[EventType "tourn (corr)"]
[EventRounds "4"]
[SourceTitle "Corr 2008"]
[Source "ChessBase"]
[SourceDate "2008.06.24"]
[SourceVersion "1"]
[SourceVersionDate "2008.06.24"]
[SourceQuality "1"]

1. e4 e5 2. Nf3 Nc6 3. Bb5 a6 4. Ba4 Nf6 5. 0-0 b5 6. Bb3 Be7 7. Re1 0-0 8. c3 d5 9. d3 dxe4 10. dxe4 Bb7 11. Qxd8 Rfxd8 12. Be3 Nxe4 13. Nbd2 Nc5 14. Bxc5 Bxc5 15. Ne4 Bb6 16. Neg5 Rd7 17. Nxe5 Nxe5 18. Rxe5 h6 19. Ne4 Rad8 20. h3 Bxe4 21. Rxe4 Rd2 22. Rf4 R8d7 23. Rb1 Re7 24. a4 c5 25. c4 b4 26. Bd1 Re1+ 27. Kh2 Bc7 28. g3 Bxf4 29. gxf4 Rdxd1 30. Rxd1 0-1

[Event "IECC CL7-2000.12"]
[Site "IECC email"]
[Date "2000.01.27"]
[Round "?"]
[White "Duncan, Warren L"]
[Black "Sambrook, Timothy"]
[Result "0-1"]
[WhiteElo "1142"]
[BlackElo "1097"]
[PlyCount "66"]
[EventDate "2000.??.??"]
[EventType "tourn (corr)"]
[EventRounds "4"]
[SourceTitle "Corr 2008"]
[Source "ChessBase"]
[SourceDate "2008.06.24"]
[SourceVersion "1"]
[SourceVersionDate "2008.06.24"]
[SourceQuality "1"]

1. d4 d5 2. c4 e5 3. dxe5 d4 4. e3 Bb4+ 5. Bd2 dxe3 6. fxe3 Qh4+ 7. g3 Qe4 8. Nf3 Nc6 9. Bg2 Bg4 10. 0-0 Qxc4 11. Bxb4 Qxb4 12. Nc3 Nge7 13. Qb3 Qxb3 14. axb3 a6 15. h3 Be6 16. Nd4 Nxd4 17. exd4 c6 18. Ne4 Nf5 19. g4 Nxd4 20. Nd6+ Ke7 21. Nxb7 Bxb3 22. Ra3 Rab8 23. Na5 Rb6 24. Bxc6 Be6 25. Rb1 Nxc6 26. Nxc6+ Rxc6 27. b4 Rhc8 28. Rb2 Rc1+ 29. Kh2 R1c2+ 30. Rxc2 Rxc2+ 31. Kg3 Bc4 32. Ra5 Rb2 33. Kf4 Rxb4 0-1

[Event "IECC O email"]
[Site "IECC email"]
[Date "1999.08.26"]
[Round "?"]
[White "Matthews, Larry"]
[Black "Sambrook, Timothy"]
[Result "0-1"]
[WhiteElo "985"]
[BlackElo "1043"]
[PlyCount "42"]
[EventDate "1999.??.??"]
[EventType "tourn (corr)"]
[EventRounds "6"]
[SourceTitle "Corr 2008"]
[Source "ChessBase"]
[SourceDate "2008.06.24"]
[SourceVersion "1"]
[SourceVersionDate "2008.06.24"]
[SourceQuality "1"]

1. b3 c5 2. g3 d5 3. Bb2 Nc6 4. Bg2 Bf5 5. Nf3 e6 6. Nh4 Bg4 7. f3 Bh5 8. c4 d4 9. d3 Be7 10. Nd2 Bxh4 11. gxh4 Qxh4+ 12. Kf1 f5 13. Qe1 Qxe1+ 14. Kxe1 Nf6 15. Rf1 0-0 16. f4 Nb4 17. Kd1 Ng4 18. Bxb7 Rab8 19. Bf3 Ne3+ 20. Kc1 Nxf1 21. Nxf1 Bxf3 0-1